| 000 | 01017nam a2200229Ia 4500 | ||
|---|---|---|---|
| 999 |
_c59567 _d59567 |
||
| 001 | 2665 | ||
| 003 | GE_BSU | ||
| 005 | 20230316115457.0 | ||
| 008 | 181216s||||||||xx |||||||||||||| ||und|| | ||
| 020 | _a9789941412677 | ||
| 040 | _cGE_BSU | ||
| 080 | _a624(072) | ||
| 100 |
_aგოგელია,კ. ქიქავა,თ. _917214 |
||
| 245 | _aმეთოდური მითითებები საკურსო პროდუქტებისა და პრაქტიკული ამოცანების შესასრულებლად რკინაბეტონის და ქვის კონსტრუქციებში. ნ.1. | ||
| 260 | _aბათუმი | ||
| 260 | _bშოთა რუსთაველის სახ. უნ–ტი | ||
| 260 | _c2011 | ||
| 300 | _a42გვ; 19სმ. | ||
| 541 | _h2 ლ. | ||
| 653 | _aრკინა–ბეტონის და ქვის კონსტრუქციები. | ||
| 942 |
_cBK _2udc |
||